000 00301 a2200109 4500
001 ART_7449
005 20260410161624.0
008 260409a
245 1 0 _aLa transferencia del control accionario
100 1 _aPapa, Rodolfo G.
773 0 _tEnfoques
_g- NÂș 7 (jul. 2012)
_wREV416
999 _c11813
_d11813